Cesta do otroctví /

Na minha lista:
Detalhes bibliográficos
Autor principal: Hayek, F.A (Author)
Formato: Livro
Idioma:tcheco
Publicado em: Praha : Academia, 1990
Tags: Adicionar Tag
Sem tags, seja o primeiro a adicionar uma tag!

MARC

LEADER 00000nam a22000003a 4500
001 stu5
005 20150617225621.0
008 910128s1990----cs------------------cze-d
020 |a 80-200-0264-2 
040 |a STU  |b slo 
041 0 |a cze 
044 |a cs 
080 |a 321.6/.8  |7 stu_us_auth*stu9861 
100 1 |a Hayek, F.A  |4 aut 
245 1 |a Cesta do otroctví /  |c [aut.] Hayek,F.A 
260 |a Praha :  |b Academia,  |c 1990 
300 |a 181 s 
996 |b E73583  |c R*73583  |l RRUM  |s A  |a 24  |w stu5_0001